Foreign Language Learning : A Psycholinguistic Analysis of the Issues

Na minha lista:
Detalhes bibliográficos
Autor principal: Jakobovits, Leon
Formato: Livro
Idioma:Undetermined
Publicado em: Estados Unidos Newbury House Publishers 1971
Assuntos:
Tags: Adicionar Tag
Sem tags, seja o primeiro a adicionar uma tag!

MARC

LEADER 00000nam a2200000Ia 4500
008 170316s9999 xx 000 0 und d
090 |a 410 J-1.1f 
100 |a Jakobovits, Leon 
245 |a Foreign Language Learning : A Psycholinguistic Analysis of the Issues 
260 |a Estados Unidos 
260 |b Newbury House Publishers 
260 |c 1971 
300 |a 336 páginas 
650 |a LINGÜÍSTICA 
999 |c 18476  |d 18476 
040 |a cru BVZT 
942 |c 15 D  |h 410 J-1.1f  |2 z